000 01133cam a22002414a 4500
005 20250605164005.0
008 250528s ||||||||||||||||||||||||d
035 _a15788
020 _a471850942
040 _aGR-AtMCL
_bgre
_dGR-AtMCL
_eAACR2
245 1 _aRetailing Management / Sixth Edition
250 _a6th
260 _bJohn Wiley & Sons, Ltd,
_c1988
300 _a878
505 0 _aFoundations for Retailing Management: Understanding the External Environment, Retailing Management and Strategy, Creating Internal Environments, Merchandise Management, Operations and Human Resources Management, Review and Prospect, Cases, Appendixes, Bibliography, Index.
520 _aFoundations for Retailing Management: Understanding the External Environment, Retailing Management and Strategy, Creating Internal Environments, Merchandise Management, Operations and Human Resources Management, Review and Prospect, Cases, Appendixes, Bibliography, Index.
700 1 _aDavidson William R
_91771
700 1 _aStampfl Ronald W
_91772
700 1 _aSweeney Daniel J
_91773
942 _cBK
999 _c1341
_d1341